000 00968cab a2200289 4500
001 WB2821-14
008 090401t1992 xxu||||| |||| 00| 0 eng d
035 _a(Sirsi) u19340
041 _aeng
245 _aMountleigh in receivership
260 _c1992
350 _a0
490 _aTimes
_v26 May 1992, 17; 27 May 1992, 19
490 _aFinancial Times
_v26 May 1992, 1&19; 27 May 1992, 1&23
490 _aEvening Standard
_v26 May 1992, 31(7)
520 _aMountleigh, the property developer and owner of Spain`s second biggest store chain, is in the hands of the receiver. It is considered that disposal of their £400m UK property portfolio could take years.
650 _aGALERIAS PRECIADOS
650 _aKPMG PEAT MARWICK
650 _aMERRY HILL CENTRE
650 _aMOUNTLEIGH
650 _aPROPERTY COMPANIES
650 _aRECEIVERSHIP
650 _aSPAIN
690 _aPROPERTY-COMMERCIAL PROPERTY
942 _n0
948 _c04/03/1997
999 _c12901
_d12901